000 00743nam a2200253Ia 4500
003 OSt
005 20220925212450.0
006 a|||||r|||| 00| 0
007 ta
008 220923b |||||||| |||| 00| 0 eng d
020 _a0043820166
037 _cGeneral Book
040 _aRTL
_cRTL
_beng
041 _2eng
_aeng
082 _aX9:533.73.N7, L2
100 _aBurn Duncan
_9249048
245 0 _aRealities of free trade
_b Two industry studies
260 _aLondon
_bAllen & Unwin U.K.
_c1972
300 _axxvii, 273p. Appendix p 262-69
_ccm.
650 _aTrade
700 _a Epstein Barbara
_9276850
942 _hX9:533.73.N7, L2
_cGB
_2CC
999 _c560447
_d560447